Sports Quiz

Random Sports Quiz
Score 0/9 Timer 10:00
0 Plays Today
Years Worn Player % Correct
2020-presentThiago Alcantara
95.4%
2014-2020Dejan Lovren
72.9%
2004-2008John Arne Riise
48.7%
1994-2000Phil Babb
42%
2000-2003Markus Babbel
25.3%
2010-2012Fabio Aurelio
23.7%
2013-2014Luis Alberto
18.3%
2009-2010Andrea Dossena
11.7%
1992-1994Don Hutchison
6.1%
Remove Ads.
Support Sporcle.
Get the best of Sporcle when you Go Orange. This ad-free experience offers more features, more stats, and more fun while also helping to support Sporcle. Thank you for becoming a member.

You're not logged in!

Compare scores with friends on all Sporcle quizzes.
OR
Log In

Show Comments

Extras

Created Nov 8, 2020ReportNominate
Tags:Liverpool, Player, shirt, Wear

Top Quizzes Today


Score Distribution

Your Account Isn't Verified!

In order to create a playlist on Sporcle, you need to verify the email address you used during registration. Go to your Sporcle Settings to finish the process.

Report this User

Report this user for behavior that violates our Community Guidelines.

Details: